[Event "Ontario-ch U20 U1800"]
[Site "Mississauga CAN"]
[Date "2019.01.13"]
[Round "5.24"]
[White "Yang, Matthew"]
[Black "Xu, William"]
[Result "1-0"]
[WhiteElo "1475"]
[BlackElo "1328"]
[PlyCount "46"]
[EventDate "2019.01.12"]
[EventType "swiss"]
[EventRounds "5"]
[EventCountry "CAN"]

1. d4 Nf6 2. Nf3 g6 3. c4 d6 4. Nc3 Bg7 5. Bg5 O-O 6. e3 a6 7. Bd3 Nc6 8. O-O
e5 9. Qb3 h6 10. Bh4 g5 11. Bg3 Nh7 12. Rad1 exd4 13. exd4 Kh8 14. Rfe1 Rb8 15.
c5 g4 16. cxd6 cxd6 17. d5 gxf3 18. dxc6 fxg2 19. Bxh7 Kxh7 20. Bxd6 Be6 21.
Qc2+ Kh8 22. c7 Qh4 23. cxb8=Q Rxb8 1-0

[Event "Outaouais-ch"]
[Site "Gatineau CAN"]
[Date "2019.03.26"]
[Round "1"]
[White "Akrib, Fouad"]
[Black "Thibault, Mario"]
[Result "1/2-1/2"]
[WhiteElo "1943"]
[BlackElo "1827"]
[PlyCount "65"]
[EventDate "2019.03.20"]
[EventType "tourn"]
[EventRounds "7"]
[EventCountry "CAN"]

1. e4 c5 2. Nf3 g6 3. c3 Bg7 4. d4 cxd4 5. cxd4 d5 6. e5 Bg4 7. Nbd2 e6 8. h3
Bf5 9. Bb5+ Nc6 10. O-O Qb6 11. Bxc6+ Qxc6 12. Nb3 Bc2 13. Qe1 Bxb3 14. axb3
Qb6 15. Ra4 Ne7 16. Rb4 Qc7 17. Bg5 Nc6 18. Qc3 O-O 19. Rc1 Rfc8 20. Ra4 Qd7
21. Qd2 b6 22. Rc3 Na5 23. Ra3 Bf8 24. Rd3 Qb5 25. h4 Bb4 26. Qe3 Rc2 27. Ra4
Rac8 28. Rxb4 Qxb4 29. Qf4 Rxb2 30. Bh6 Qe7 31. Bg5 Qf8 32. Bh6 Qe7 33. Bg5
1/2-1/2

[Event "Outaouais-ch"]
[Site "Gatineau CAN"]
[Date "2019.03.26"]
[Round "1"]
[White "Bastien, Andre"]
[Black "Desjardins, Michel"]
[Result "1/2-1/2"]
[WhiteElo "1792"]
[BlackElo "1898"]
[PlyCount "47"]
[EventDate "2019.03.20"]
[EventType "tourn"]
[EventRounds "7"]
[EventCountry "CAN"]

1. d4 d5 2. Nf3 Nf6 3. e3 c5 4. b3 cxd4 5. exd4 Nc6 6. Bb2 Bg4 7. Be2 e6 8.
Nbd2 Be7 9. O-O O-O 10. h3 Bh5 11. Ne5 Bxe2 12. Qxe2 Qb6 13. c3 Nxe5 14. dxe5
Nd7 15. Kh1 a5 16. a4 Qa6 17. c4 Nb6 18. Qg4 dxc4 19. Nxc4 Nxc4 20. bxc4 Rac8
21. Rfc1 Rfe8 22. Ba3 Bc5 23. Bxc5 Rxc5 24. Qh4 1/2-1/2

[Event "Outaouais-ch"]
[Site "Gatineau CAN"]
[Date "2019.03.26"]
[Round "1"]
[White "Gagnon, Fabien"]
[Black "Azar, Sebastien"]
[Result "0-1"]
[WhiteElo "1901"]
[BlackElo "1781"]
[PlyCount "78"]
[EventDate "2019.03.20"]
[EventType "tourn"]
[EventRounds "7"]
[EventCountry "CAN"]

1. e4 c5 2. Nc3 d6 3. g3 Nc6 4. Bg2 g6 5. d3 Bg7 6. Be3 Nf6 7. h3 O-O 8. Nge2
a6 9. O-O Be6 10. f4 Qc8 11. Kh2 Bg4 12. Qd2 Bxe2 13. Nxe2 Nd7 14. c3 e6 15. f5
exf5 16. exf5 Ne7 17. Bh6 Bxh6 18. Qxh6 Nxf5 19. Rxf5 gxf5 20. Nf4 Kh8 21. Bd5
Qe8 22. Qxd6 Rd8 23. d4 cxd4 24. cxd4 Qe3 25. Bg2 Rg8 26. Nh5 Qe6 27. Qf4 Nf6
28. Nxf6 Qxf6 29. Rf1 Rxd4 30. Qxf5 Qxf5 31. Rxf5 Rd2 32. Rxf7 Rxb2 33. Rxb7
Rxa2 34. g4 Rd8 35. Kg3 Rd3+ 36. Bf3 Raa3 37. Rf7 a5 38. Kf2 Kg8 39. Rf5 Rxf3+
0-1

[Event "Outaouais-ch"]
[Site "Gatineau CAN"]
[Date "2019.03.26"]
[Round "1"]
[White "Guimond, Michel"]
[Black "Raymond, Daniel"]
[Result "1-0"]
[WhiteElo "1936"]
[BlackElo "1855"]
[PlyCount "103"]
[EventDate "2019.03.20"]
[EventType "tourn"]
[EventRounds "7"]
[EventCountry "CAN"]

1. e4 c5 2. b3 e6 3. e5 Nc6 4. Bb2 Qc7 5. Nf3 b6 6. Bb5 Nge7 7. Qe2 a6 8. Bxc6
Qxc6 9. Nc3 Bb7 10. O-O-O Nf5 11. d3 Be7 12. Rhg1 Rc8 13. d4 cxd4 14. Nxd4 Nxd4
15. Rxd4 b5 16. Ne4 O-O 17. Rgd1 Rc7 18. R1d2 Rd8 19. f3 Qb6 20. Nd6 Bd5 21.
Rg4 Qg1+ 22. Rd1 Qxh2 23. Rxd5 exd5 24. Nf5 Qg1+ 25. Qd1 Qxd1+ 26. Kxd1 Kf8 27.
Rxg7 d6 28. Rxh7 Ke8 29. exd6 Bxd6 30. Rh8+ Kd7 31. Rxd8+ Kxd8 32. Nxd6 Ke7 33.
Nf5+ Ke6 34. Nd4+ Kd7 35. g4 Rc8 36. Nf5 Rc6 37. Bd4 f6 38. Kd2 Ke8 39. Ne3 Rd6
40. Kd3 Kf7 41. Bc5 Rd7 42. Kd4 Ke6 43. Ng2 f5 44. g5 f4 45. Nxf4+ Kf5 46. Nxd5
Kxg5 47. Ke5 Rh7 48. f4+ Kg6 49. Ke6 Rf7 50. f5+ Kg7 51. f6+ Kg8 52. Ne7+ 1-0

[Event "Outaouais-ch"]
[Site "Gatineau CAN"]
[Date "2019.04.02"]
[Round "2"]
[White "Azar, Sebastien"]
[Black "Desjardins, Michel"]
[Result "1/2-1/2"]
[WhiteElo "1781"]
[BlackElo "1898"]
[PlyCount "58"]
[EventDate "2019.03.20"]
[EventType "tourn"]
[EventRounds "7"]
[EventCountry "CAN"]

1. e4 d5 2. exd5 Qxd5 3. Nc3 Qd6 4. d4 Nf6 5. Nf3 g6 6. g3 Bg7 7. Bg2 Qa6 8.
Qe2 Bf5 9. Nh4 Qxe2+ 10. Nxe2 Be4 11. O-O Nc6 12. c3 O-O 13. Nf3 Rfe8 14. Bf4
Nd5 15. Rfe1 h6 16. h4 Rac8 17. Bd2 Nb6 18. Nf4 Bf5 19. Bh3 Bxh3 20. Nxh3 Nd7
21. Rad1 Rcd8 22. Bc1 e6 23. Kg2 Nb6 24. Bf4 Nd5 25. Bc1 Nb6 26. Bf4 Nd5 27.
Bc1 Kh7 28. Nf4 Nb6 29. Nd3 Nd7 1/2-1/2

[Event "Outaouais-ch"]
[Site "Gatineau CAN"]
[Date "2019.04.02"]
[Round "2"]
[White "Gagnon, Fabien"]
[Black "Guimond, Michel"]
[Result "1/2-1/2"]
[WhiteElo "1901"]
[BlackElo "1936"]
[PlyCount "30"]
[EventDate "2019.03.20"]
[EventType "tourn"]
[EventRounds "7"]
[EventCountry "CAN"]

1. d4 c5 2. e4 cxd4 3. Nf3 d6 4. Nxd4 Nf6 5. Nc3 g6 6. f4 Bg7 7. e5 dxe5 8.
fxe5 Bg4 9. Bb5+ Nc6 10. Nxc6 Qxd1+ 11. Nxd1 Nd7 12. Ne3 bxc6 13. Bxc6 Rc8 14.
Bxd7+ Bxd7 15. O-O Be6 1/2-1/2

[Event "Outaouais-ch"]
[Site "Gatineau CAN"]
[Date "2019.04.02"]
[Round "2"]
[White "Raymond, Daniel"]
[Black "Akrib, Fouad"]
[Result "0-1"]
[WhiteElo "1855"]
[BlackElo "1943"]
[PlyCount "132"]
[EventDate "2019.03.20"]
[EventType "tourn"]
[EventRounds "7"]
[EventCountry "CAN"]

1. e4 e5 2. Nf3 Nc6 3. Bb5 a6 4. Ba4 b5 5. Bb3 Na5 6. O-O d6 7. d4 exd4 8. Nxd4
Bb7 9. a4 c5 10. Nf5 g6 11. Ng3 Nxb3 12. cxb3 b4 13. Nd2 Qc7 14. Nc4 O-O-O 15.
Bf4 f6 16. Qg4+ Kb8 17. Rfd1 g5 18. Be3 h5 19. Qe6 Bc6 20. Nf5 Re8 21. Ng7 Qxg7
22. Qh3 Qc7 23. f3 h4 24. g3 Bd7 25. g4 Nh6 26. Rd2 Bc6 27. Rad1 Nf7 28. a5 Be7
29. Qf1 Kb7 30. Nb6 Ne5 31. h3 Nd7 32. Nc4 Bb5 33. Qe1 Bxc4 34. bxc4 Ne5 35.
Qf1 Qxa5 36. Ra1 Qc7 37. b3 Ra8 38. Kg2 a5 39. Rda2 Ra6 40. Qd1 Rha8 41. Qd5+
Qc6 42. Qe6 Bd8 43. Ra4 Nd7 44. Qf7 Kb8 45. Rd1 Ne5 46. Qg8 Kb7 47. Qe6 Kc7 48.
Bg1 Qd7 49. Qd5 Qf7 50. Qd2 Nd7 51. Bh2 Be7 52. Qe3 Kc6 53. Qd2 Qe6 54. Qe3 Nb6
55. Ra2 a4 56. bxa4 Rxa4 57. Rad2 Ra2 58. Qd3 R8a3 59. Rxa2 Rxd3 60. Rxd3 Qxc4
61. Rdd2 b3 62. Rab2 Qb4 63. Rd3 c4 64. Rd4 Qa3 65. Rbd2 c3 66. Bxd6 Bxd6 0-1

[Event "Outaouais-ch"]
[Site "Gatineau CAN"]
[Date "2019.04.02"]
[Round "2"]
[White "Thibault, Mario"]
[Black "Bastien, Andre"]
[Result "0-1"]
[WhiteElo "1827"]
[BlackElo "1792"]
[PlyCount "50"]
[EventDate "2019.03.20"]
[EventType "tourn"]
[EventRounds "7"]
[EventCountry "CAN"]

1. e4 d5 2. exd5 Qxd5 3. Nc3 Qa5 4. d4 Nf6 5. Nf3 Nc6 6. Bd2 Bg4 7. Bb5 O-O-O
8. Bxc6 bxc6 9. b4 Qf5 10. Qe2 Bxf3 11. gxf3 Rxd4 12. Be3 e5 13. a3 Rd6 14.
Bxa7 e4 15. fxe4 Qe5 16. Qa6+ Kd7 17. Qc4 Nxe4 18. Nxe4 Qxa1+ 19. Ke2 Qxh1 20.
Qxf7+ Kd8 21. Nxd6 Bxd6 22. Qxg7 Re8+ 23. Be3 Qe4 24. Qc3 Be5 25. Qc5 Bd4 0-1

[Event "Outaouais-ch"]
[Site "Gatineau CAN"]
[Date "2019.04.09"]
[Round "3"]
[White "Akrib, Fouad"]
[Black "Gagnon, Fabien"]
[Result "1/2-1/2"]
[WhiteElo "1943"]
[BlackElo "1901"]
[PlyCount "113"]
[EventDate "2019.03.20"]
[EventType "tourn"]
[EventRounds "7"]
[EventCountry "CAN"]

1. e4 c5 2. Nf3 Nc6 3. d3 g6 4. g3 Bg7 5. Bg2 Nf6 6. O-O O-O 7. c3 e5 8. a3 a5
9. a4 h6 10. Na3 Rb8 11. Nb5 d5 12. Qe2 Be6 13. Re1 Qd7 14. Qc2 Rbd8 15. Bd2
dxe4 16. dxe4 Qd3 17. Qc1 Kh7 18. Be3 b6 19. Nc7 Bb3 20. Nd2 Be6 21. Nd5 Qa6
22. Nc7 Qc8 23. Nb5 Rd7 24. Bf1 Rfd8 25. f3 g5 26. Qc2 Kg8 27. Nc4 Qb7 28. Rad1
Rxd1 29. Rxd1 Rxd1 30. Qxd1 Bxc4 31. Bxc4 Qd7 32. Qd6 Qxd6 33. Nxd6 Nd8 34. Nc8
Bf8 35. Nxb6 Nb7 36. Ba6 Nd6 37. Bxc5 g4 38. Kg2 gxf3+ 39. Kxf3 Nfxe4 40. Bxd6
Nxd6 41. Nc4 Nxc4 42. Bxc4 Bd6 43. Ke4 Kf8 44. Kd5 Ke7 45. Bd3 Kd7 46. Be4 Kc7
47. g4 Kd7 48. h3 Kc7 49. Bh7 Kd7 50. Bg8 Ke7 51. Bxf7 Kxf7 52. b4 axb4 53.
cxb4 Bxb4 54. Kxe5 Kg6 55. Kf4 Bd2+ 56. Kf3 Kg5 57. Ke2 1/2-1/2

[Event "Outaouais-ch"]
[Site "Gatineau CAN"]
[Date "2019.04.09"]
[Round "3"]
[White "Bastien, Andre"]
[Black "Raymond, Daniel"]
[Result "1/2-1/2"]
[WhiteElo "1792"]
[BlackElo "1855"]
[PlyCount "105"]
[EventDate "2019.03.20"]
[EventType "tourn"]
[EventRounds "7"]
[EventCountry "CAN"]

1. d4 d5 2. Nf3 e6 3. e3 c5 4. c3 Nf6 5. Bd3 Nc6 6. Nbd2 Bd6 7. O-O O-O 8. dxc5
Bxc5 9. e4 e5 10. exd5 Qxd5 11. Qc2 Bg4 12. Bc4 Qd7 13. Bb5 Bf5 14. Qa4 Qc7 15.
Qc4 Bd6 16. Ng5 h6 17. Nge4 Be7 18. Nxf6+ Bxf6 19. Ne4 Be7 20. Be3 Be6 21. Qe2
f5 22. Nc5 Bf7 23. Rad1 Rad8 24. Bc4 Bxc5 25. Bxc5 Rfe8 26. Bxf7+ Qxf7 27. b3
Rd5 28. Qc4 Red8 29. Rxd5 Qxd5 30. Qxd5+ Rxd5 31. Be3 Kf7 32. Bc1 Ke6 33. f3
Rd3 34. Bb2 b5 35. Re1 Rd2 36. Rb1 e4 37. fxe4 fxe4 38. Kf1 Ne5 39. c4 bxc4 40.
Bxe5 Kxe5 41. bxc4 Rc2 42. Rb7 Kd4 43. Rxa7 Ke3 44. Ra3+ Kf4 45. h3 e3 46. Ra7
g5 47. Re7 Rxa2 48. c5 Rc2 49. c6 Rxc6 50. Rf7+ Ke4 51. Re7+ Kd3 52. Rd7+ Ke4
53. Re7+ 1/2-1/2

[Event "Outaouais-ch"]
[Site "Gatineau CAN"]
[Date "2019.04.09"]
[Round "3"]
[White "Desjardins, Michel"]
[Black "Thibault, Mario"]
[Result "1-0"]
[WhiteElo "1898"]
[BlackElo "1827"]
[PlyCount "95"]
[EventDate "2019.03.20"]
[EventType "tourn"]
[EventRounds "7"]
[EventCountry "CAN"]

1. e4 c5 2. Nf3 g6 3. c3 Bg7 4. d4 cxd4 5. cxd4 d5 6. e5 Bg4 7. Bb5+ Nd7 8.
Nbd2 a6 9. Bd3 e6 10. h3 Bxf3 11. Nxf3 Ne7 12. O-O Nc6 13. Be3 O-O 14. Rc1 f6
15. exf6 Bxf6 16. Qd2 Re8 17. Bc2 Rc8 18. b4 Qe7 19. a3 b5 20. Rfe1 Nb6 21. Bd3
Nc4 22. Bxc4 bxc4 23. Bf4 Qg7 24. Ne5 Qa7 25. Nxc6 Rxc6 26. Be5 Bxe5 27. Rxe5
Qf7 28. Rc3 Rf8 29. Rf3 Qc7 30. Rfe3 Qf7 31. Qe1 c3 32. Rxe6 Rxe6 33. Rxe6 c2
34. Rc6 Qf5 35. Qd2 Rc8 36. Rc5 Rxc5 37. bxc5 Qe4 38. Kh2 Kf7 39. f3 Qf5 40. g4
Qxf3 41. Qxc2 Qf4+ 42. Kg2 Qxd4 43. Qf2+ Qxf2+ 44. Kxf2 Ke6 45. Ke3 Kd7 46. g5
Kc6 47. Kd4 a5 48. a4 1-0

[Event "Outaouais-ch"]
[Site "Gatineau CAN"]
[Date "2019.04.09"]
[Round "3"]
[White "Guimond, Michel"]
[Black "Azar, Sebastien"]
[Result "0-1"]
[WhiteElo "1936"]
[BlackElo "1781"]
[PlyCount "80"]
[EventDate "2019.03.20"]
[EventType "tourn"]
[EventRounds "7"]
[EventCountry "CAN"]

1. e4 c5 2. Nf3 d6 3. d4 cxd4 4. Nxd4 g6 5. Be3 Bg7 6. Qd2 Nf6 7. f3 O-O 8. Bc4
Nc6 9. Nc3 Bd7 10. O-O-O a6 11. h4 Nxd4 12. Bxd4 h5 13. Nd5 Nxd5 14. Bxg7 Kxg7
15. exd5 Rh8 16. Qd4+ Kg8 17. g4 Qc8 18. Be2 Qc5 19. Qe4 Re8 20. Rd4 f5 21. Qf4
Rf8 22. gxh5 Rxh5 23. Rg1 Kg7 24. Rg2 Rfh8 25. Qe3 Kf7 26. c3 Rxh4 27. Qg5 Rh1+
28. Kc2 R8h6 29. Rc4 Qa5 30. a3 Bb5 31. Rd4 R1h2 32. Bxb5 Qxb5 33. Rdd2 Qa4+
34. b3 Qxa3 35. Kd3 R2h5 36. Qe3 Qxb3 37. Qe6+ Kf8 38. Rde2 Qd1+ 39. Rd2 Qxf3+
40. Kc4 Qe4+ 0-1

[Event "Outaouais-ch"]
[Site "Gatineau CAN"]
[Date "2019.04.16"]
[Round "4"]
[White "Azar, Sebastien"]
[Black "Thibault, Mario"]
[Result "1-0"]
[WhiteElo "1781"]
[BlackElo "1827"]
[PlyCount "119"]
[EventDate "2019.03.20"]
[EventType "tourn"]
[EventRounds "7"]
[EventCountry "CAN"]

1. e4 c5 2. Nf3 g6 3. d4 cxd4 4. Nxd4 Nc6 5. Nc3 Nf6 6. Be3 Bg7 7. a3 O-O 8. h3
d5 9. Nxc6 bxc6 10. exd5 cxd5 11. Bb5 Bb7 12. O-O Qc7 13. Re1 e5 14. Bg5 d4 15.
Bxf6 Bxf6 16. Ne4 Bg7 17. b3 Bd5 18. Rc1 Qe7 19. b4 f5 20. Nc5 Qg5 21. Bf1 Rfe8
22. c4 Bf7 23. f3 Rad8 24. Bd3 Qe7 25. Rc2 Bh6 26. Rce2 Bf4 27. Bc2 Qh4 28. Nd3
Bg3 29. Rf1 e4 30. fxe4 fxe4 31. Ba4 Rf8 32. Nc5 e3 33. Qd3 Bf2+ 34. Kh1 Kg7
35. Bb3 Bg8 36. Ne4 Rf4 37. Nxf2 Rxf2 38. Rexf2 exf2 39. Qd2 Rf8 40. Qd3 Be6
41. c5 Bxb3 42. Qxb3 Qe4 43. Qb2 Qe3 44. b5 Rf4 45. b6 Qe1 46. Qb5 axb6 47.
cxb6 Kh6 48. b7 Rf8 49. h4 Re8 50. g3 Qe4+ 51. Kh2 Qe1 52. Qd3 Rb8 53. Qd1 Qe3
54. Qc1 Rxb7 55. Qxe3+ dxe3 56. Kg2 Rf7 57. a4 Kg7 58. a5 Kf8 59. a6 Ke8 60.
Rb1 1-0

[Event "Outaouais-ch"]
[Site "Gatineau CAN"]
[Date "2019.04.16"]
[Round "4"]
[White "Gagnon, Fabien"]
[Black "Bastien, Andre"]
[Result "1-0"]
[WhiteElo "1901"]
[BlackElo "1792"]
[PlyCount "115"]
[EventDate "2019.03.20"]
[EventType "tourn"]
[EventRounds "7"]
[EventCountry "CAN"]

1. d4 d5 2. c4 c6 3. Nf3 Nf6 4. Nc3 e6 5. cxd5 exd5 6. Bg5 h6 7. Bxf6 Qxf6 8.
e3 Bb4 9. Qb3 Qe7 10. Be2 O-O 11. O-O Bf5 12. Rac1 Nd7 13. a3 Bxc3 14. bxc3 b5
15. a4 a6 16. Ra1 g5 17. h3 h5 18. Nh2 Bg6 19. Qd1 Nf6 20. Bd3 Bxd3 21. Qxd3
Ne4 22. Nf3 Kg7 23. Ne5 Qe6 24. f4 gxf4 25. exf4 f6 26. f5 Qd6 27. Ng6 Rfe8 28.
Nf4 h4 29. Qf3 Ng3 30. Qg4+ Kf8 31. Rfe1 Re4 32. Rxe4 dxe4 33. Ne6+ Ke7 34.
Qg7+ Ke8 35. Qg8+ Ke7 36. Qxa8 Ne2+ 37. Kf1 Ng3+ 38. Ke1 Nxf5 39. Qf8+ Kxe6 40.
Qxd6+ Kxd6 41. axb5 axb5 42. Ra7 Ne7 43. Ra8 Kd5 44. Re8 Ng6 45. Rg8 Nf4 46.
Rg4 Nd3+ 47. Kd2 f5 48. Rxh4 f4 49. Rh6 Nb2 50. Rf6 e3+ 51. Ke2 Na4 52. Rxf4
Nxc3+ 53. Kxe3 b4 54. Kd3 Na4 55. Rf5+ Ke6 56. g4 Nb6 57. h4 Nd5 58. Rxd5 1-0

[Event "Outaouais-ch"]
[Site "Gatineau CAN"]
[Date "2019.04.16"]
[Round "4"]
[White "Guimond, Michel"]
[Black "Akrib, Fouad"]
[Result "1/2-1/2"]
[WhiteElo "1936"]
[BlackElo "1943"]
[PlyCount "92"]
[EventDate "2019.03.20"]
[EventType "tourn"]
[EventRounds "7"]
[EventCountry "CAN"]

1. e4 c5 2. Nf3 d6 3. d4 cxd4 4. Nxd4 Nf6 5. Nc3 a6 6. Bc4 e6 7. a4 Nxe4 8.
Nxe4 d5 9. Bb3 dxe4 10. Be3 e5 11. Ne2 Qxd1+ 12. Rxd1 f5 13. O-O Nc6 14. Bb6
Bb4 15. Bd5 Bd7 16. c3 Ba5 17. Bxc6 Bxc6 18. Bxa5 O-O 19. b3 b5 20. axb5 axb5
21. b4 Rfc8 22. Rd6 Be8 23. h3 Bh5 24. Ng3 Bg6 25. Rfd1 Rxc3 26. h4 f4 27. h5
fxg3 28. hxg6 gxf2+ 29. Kxf2 Rf8+ 30. Kg1 e3 31. Rd8 hxg6 32. Rxf8+ Kxf8 33.
Kf1 e4 34. Rd4 Rc1+ 35. Ke2 Rc2+ 36. Kxe3 Rxg2 37. Rxe4 Rh2 38. Re5 Rh5 39. Ke4
Kf7 40. Rxh5 gxh5 41. Kf5 g6+ 42. Kg5 Ke6 43. Kxg6 h4 44. Kg5 h3 45. Bc7 Kd5
46. Kg4 Kc4 1/2-1/2

[Event "Outaouais-ch"]
[Site "Gatineau CAN"]
[Date "2019.04.16"]
[Round "4"]
[White "Raymond, Daniel"]
[Black "Desjardins, Michel"]
[Result "1/2-1/2"]
[WhiteElo "1855"]
[BlackElo "1898"]
[PlyCount "70"]
[EventDate "2019.03.20"]
[EventType "tourn"]
[EventRounds "7"]
[EventCountry "CAN"]

1. e4 d5 2. exd5 Qxd5 3. Nc3 Qd6 4. d4 Nf6 5. Nf3 g6 6. h3 a6 7. g3 b5 8. Bg2
Bb7 9. O-O Bg7 10. Bf4 Qd8 11. Qd2 O-O 12. Rfe1 Nbd7 13. a3 Nb6 14. b3 Re8 15.
Rad1 Rc8 16. Ne5 Bxg2 17. Kxg2 Nfd5 18. Nxd5 Nxd5 19. Bh6 c6 20. c4 Nf6 21. Qf4
Qc7 22. Bxg7 Kxg7 23. Qf3 e6 24. Rc1 Qd6 25. cxb5 cxb5 26. Qb7 Qd5+ 27. Qxd5
Nxd5 28. Nd3 Red8 29. Rxc8 Rxc8 30. Rc1 Rxc1 31. Nxc1 Kf6 32. Kf3 Ke7 33. Ke4
Kd6 34. Kd3 Ne7 35. b4 Nc6 1/2-1/2

[Event "Outaouais-ch"]
[Site "Gatineau CAN"]
[Date "2019.04.30"]
[Round "5"]
[White "Akrib, Fouad"]
[Black "Azar, Sebastien"]
[Result "1/2-1/2"]
[WhiteElo "1943"]
[BlackElo "1781"]
[PlyCount "148"]
[EventDate "2019.03.20"]
[EventType "tourn"]
[EventRounds "7"]
[EventCountry "CAN"]

1. d4 d5 2. Bg5 Nf6 3. e3 Bf5 4. Nf3 Nbd7 5. c4 e6 6. Nc3 h6 7. Bh4 Be7 8. Rc1
c6 9. Be2 O-O 10. Bxf6 Nxf6 11. c5 Rc8 12. Qa4 a6 13. O-O Nd7 14. Qb3 Qc7 15.
Na4 Bd8 16. Qc3 Re8 17. b4 Qb8 18. Qb2 e5 19. Nc3 Bg4 20. h3 Be6 21. a4 e4 22.
Nd2 b5 23. cxb6 Qxb6 24. a5 Qb7 25. Qa3 Be7 26. Rb1 Rb8 27. Rb2 Qa7 28. Na4 Rb7
29. Qc3 Rc7 30. Nb3 Rb8 31. Nbc5 Nxc5 32. bxc5 Rxb2 33. Qxb2 Rb7 34. Nb6 Bd8
35. Rc1 Bc7 36. Bf1 Bb8 37. Rb1 g5 38. Qe2 Bc7 39. Qh5 Kg7 40. h4 f6 41. hxg5
hxg5 42. Qe2 Kg6 43. Qc2 Kg7 44. Ra1 Bg4 45. Be2 Bxe2 46. Qxe2 Kg6 47. Qg4 f5
48. Qh3 Rb8 49. g4 fxg4 50. Qxg4 Rf8 51. Qe6+ Rf6 52. Qg8+ Kf5 53. Qh7+ Kg4 54.
Qd7+ Rf5 55. Qc8 Qb8 56. Qd7 Qd8 57. Qxc6 Bh2+ 58. Kg2 Rxf2+ 59. Kxf2 Qf8+ 60.
Ke1 Bg3+ 61. Kd1 Qf1+ 62. Kc2 Qd3+ 63. Kb2 Qd2+ 64. Kb1 Qd3+ 65. Ka2 Qd2+ 66.
Ka3 Qc3+ 67. Ka2 Qc2+ 68. Ka3 Qc3+ 69. Ka2 Qc2+ 70. Ka3 Qc3+ 71. Ka2 Qc2+ 72.
Ka3 Qc3+ 73. Ka2 Qc2+ 74. Ka3 Qc3+ 1/2-1/2

[Event "Outaouais-ch"]
[Site "Gatineau CAN"]
[Date "2019.04.23"]
[Round "5"]
[White "Bastien, Andre"]
[Black "Guimond, Michel"]
[Result "0-1"]
[WhiteElo "1792"]
[BlackElo "1936"]
[PlyCount "52"]
[EventDate "2019.03.20"]
[EventType "tourn"]
[EventRounds "7"]
[EventCountry "CAN"]

1. d4 c5 2. d5 e5 3. dxe6 fxe6 4. c4 Nf6 5. Bg5 Be7 6. g3 O-O 7. Bg2 Ng4 8.
Bxe7 Qxe7 9. Bf3 Ne5 10. Be4 Nxc4 11. Qc2 d5 12. Bxh7+ Kh8 13. Bd3 Ne5 14. e3
Nbc6 15. Be2 Nb4 16. Qd2 c4 17. f4 Ned3+ 18. Kf1 e5 19. a3 exf4 20. exf4 Qe4
21. Nf3 Nc2 22. Nc3 Qe7 23. Nxd5 Bh3+ 24. Kg1 Qc5+ 25. Ne3 Nxe3 26. b4 cxb3 0-1

[Event "Outaouais-ch"]
[Site "Gatineau CAN"]
[Date "2019.04.30"]
[Round "5"]
[White "Desjardins, Michel"]
[Black "Gagnon, Fabien"]
[Result "1-0"]
[WhiteElo "1898"]
[BlackElo "1901"]
[PlyCount "71"]
[EventDate "2019.03.20"]
[EventType "tourn"]
[EventRounds "7"]
[EventCountry "CAN"]

1. e4 e5 2. Nc3 Nf6 3. Bc4 Nxe4 4. Qh5 Nd6 5. Bb3 Be7 6. Qxe5 O-O 7. Nf3 Bf6 8.
Qf4 Re8+ 9. Kf1 Bxc3 10. dxc3 Re4 11. Qg5 Qe8 12. Be3 b6 13. Bd4 Ba6+ 14. Kg1
Rxd4 15. cxd4 Nc6 16. Re1 Qf8 17. h4 Kh8 18. Kh2 f6 19. Qg4 f5 20. Qf4 Ne4 21.
Ng5 Nxd4 22. Nxe4 fxe4 23. Qxf8+ Rxf8 24. Rxe4 Nxb3 25. axb3 h6 26. f3 Rf6 27.
Rd1 Bb5 28. Rd2 Kh7 29. Re7 a5 30. Rd4 c5 31. Rg4 Rg6 32. Rxg6 Kxg6 33. Re8 Bc6
34. c4 b5 35. cxb5 Bxb5 36. Ra8 1-0

[Event "Outaouais-ch"]
[Site "Gatineau CAN"]
[Date "2019.04.30"]
[Round "5"]
[White "Thibault, Mario"]
[Black "Raymond, Daniel"]
[Result "0-1"]
[WhiteElo "1827"]
[BlackElo "1855"]
[PlyCount "70"]
[EventDate "2019.03.20"]
[EventType "tourn"]
[EventRounds "7"]
[EventCountry "CAN"]

1. d4 d5 2. Bf4 e6 3. e3 Nf6 4. Bd3 c5 5. c3 Nc6 6. Nd2 Bd6 7. Bg3 e5 8. dxe5
Nxe5 9. Bc2 O-O 10. h3 Re8 11. Ngf3 Qc7 12. Bh4 Nfd7 13. Bxh7+ Kxh7 14. Ng5+
Kg8 15. Ndf3 Nf6 16. Qc2 Ng6 17. O-O-O b5 18. Nxf7 Qxf7 19. Ng5 Qf8 20. Qxg6
Be6 21. Rhe1 Bf7 22. Qc2 Ne4 23. Nxf7 Qxf7 24. f3 Bg3 25. fxe4 Bxh4 26. Rf1 Qe6
27. Rf4 Bf6 28. Rdf1 dxe4 29. Kb1 Qc4 30. Qf2 Qd3+ 31. Kc1 Rad8 32. Rg4 Rf8 33.
Qf5 Qxe3+ 34. Kb1 Qd3+ 35. Kc1 Bg5+ 0-1

[Event "Outaouais-ch"]
[Site "Gatineau CAN"]
[Date "2019.05.07"]
[Round "6"]
[White "Akrib, Fouad"]
[Black "Bastien, Andre"]
[Result "1-0"]
[WhiteElo "1943"]
[BlackElo "1792"]
[PlyCount "101"]
[EventDate "2019.03.20"]
[EventType "tourn"]
[EventRounds "7"]
[EventCountry "CAN"]

1. e4 d5 2. exd5 Qxd5 3. Nf3 Nf6 4. d4 Bg4 5. Be2 e6 6. c4 Bb4+ 7. Nc3 Bxc3+ 8.
bxc3 Qa5 9. Qb3 O-O 10. Ba3 Re8 11. h3 Bf5 12. Rd1 Bc2 13. Qxc2 Qxa3 14. Qb3
Qa5 15. Ne5 Nbd7 16. f4 Rad8 17. Bf3 Nf8 18. Bxb7 Nh5 19. O-O Ng3 20. Rf3 Ne2+
21. Kf2 Nxf4 22. Rxf4 f6 23. Nc6 Qg5 24. Rg4 Qf5+ 25. Kg1 h5 26. Rg3 Rd7 27.
Rf1 Qh7 28. d5 e5 29. c5 Kh8 30. Nxa7 Rdd8 31. Nc6 Rd7 32. a4 Ng6 33. Nb4 Rb8
34. c6 Re7 35. Qc2 e4 36. Qf2 Ne5 37. Qc5 Rbe8 38. a5 h4 39. Re3 Qg6 40. Kh1 f5
41. Bc8 Rf7 42. Be6 Rf6 43. Nd3 Nxd3 44. Rxd3 exd3 45. Qd4 f4 46. Rxf4 Rxf4 47.
Qxf4 Qg3 48. Qg4 Qxg4 49. Bxg4 Re4 50. d6 cxd6 51. c7 1-0

[Event "Outaouais-ch"]
[Site "Gatineau CAN"]
[Date "2019.05.07"]
[Round "6"]
[White "Azar, Sebastien"]
[Black "Raymond, Daniel"]
[Result "0-1"]
[WhiteElo "1781"]
[BlackElo "1855"]
[PlyCount "82"]
[EventDate "2019.03.20"]
[EventType "tourn"]
[EventRounds "7"]
[EventCountry "CAN"]

1. e4 c5 2. Nf3 Nc6 3. d4 cxd4 4. Nxd4 Nf6 5. Nc3 e5 6. Nf3 Bb4 7. Bc4 Nxe4 8.
Qd5 Nd6 9. Nxe5 Qe7 10. f4 Nxc4 11. Qxc4 d6 12. O-O dxe5 13. Be3 Be6 14. Qb5
O-O 15. f5 a6 16. Qe2 Bxc3 17. bxc3 Bd7 18. f6 Qe6 19. Rad1 Na5 20. Rf3 Bc6 21.
Rg3 Qxf6 22. Bg5 Qe6 23. Qh5 Be4 24. Bh6 Bg6 25. Qh4 gxh6 26. Qxh6 Rad8 27.
Rxd8 Rxd8 28. h4 Qf5 29. h5 Qf4 30. Qg5 Qxg5 31. Rxg5 f6 32. Rg4 Kf7 33. hxg6+
hxg6 34. Ra4 Nc6 35. Rh4 Kg7 36. c4 Rd2 37. c5 Rxc2 38. Kh2 Rxa2 39. Kh3 Ra3+
40. g3 Rd3 41. Kg4 Rd4+ 0-1

[Event "Outaouais-ch"]
[Site "Gatineau CAN"]
[Date "2019.05.07"]
[Round "6"]
[White "Gagnon, Fabien"]
[Black "Thibault, Mario"]
[Result "1-0"]
[WhiteElo "1901"]
[BlackElo "1827"]
[PlyCount "85"]
[EventDate "2019.03.20"]
[EventType "tourn"]
[EventRounds "7"]
[EventCountry "CAN"]

1. d4 Nf6 2. c4 e6 3. Nc3 Bb4 4. f3 c5 5. e3 O-O 6. Nge2 Re8 7. a3 cxd4 8. exd4
Bf8 9. Be3 d5 10. cxd5 exd5 11. Kf2 Nc6 12. Ng3 a6 13. Bd3 b5 14. Nge2 h6 15.
Re1 Bb7 16. Qd2 Na5 17. Rad1 Qb6 18. Kf1 Rad8 19. Bf2 Bc6 20. Ng3 b4 21. axb4
Bxb4 22. Rxe8+ Bxe8 23. Nf5 Bf8 24. Qe2 Bb5 25. Bxb5 axb5 26. Qxb5 Qxb5+ 27.
Nxb5 Rb8 28. Nc3 Rxb2 29. Ne3 Nb3 30. Ncxd5 Nxd5 31. Nxd5 f6 32. Ne3 Kf7 33. h4
h5 34. Be1 Ra2 35. Nd5 Bd6 36. Nc3 Rc2 37. Ne4 Bf4 38. g3 Bc7 39. Rd3 Rb2 40.
f4 Bb6 41. Nd6+ Ke6 42. Nc4 Rb1 43. Nxb6 1-0

[Event "Outaouais-ch"]
[Site "Gatineau CAN"]
[Date "2019.04.18"]
[Round "6"]
[White "Guimond, Michel"]
[Black "Desjardins, Michel"]
[Result "1-0"]
[WhiteElo "1936"]
[BlackElo "1898"]
[PlyCount "59"]
[EventDate "2019.03.20"]
[EventType "tourn"]
[EventRounds "7"]
[EventCountry "CAN"]

1. e4 d5 2. exd5 Qxd5 3. Nc3 Qd6 4. d4 Nf6 5. Bc4 a6 6. Nge2 g6 7. Bf4 Qc6 8.
Bb3 Qxg2 9. Rg1 Qc6 10. Ng3 Bg7 11. Qd3 O-O 12. f3 a5 13. a4 Na6 14. O-O-O Nb4
15. Qd2 Nfd5 16. Nxd5 Nxd5 17. Bh6 Nf6 18. h4 b5 19. h5 bxa4 20. hxg6 hxg6 21.
Ba2 a3 22. Bxg7 axb2+ 23. Kb1 Kxg7 24. Rh1 Rh8 25. Rxh8 Kxh8 26. Qh6+ Kg8 27.
Rh1 Nh5 28. Nxh5 gxh5 29. Rg1+ Bg4 30. Qxc6 1-0